| 000 | 00837nam a2200229 i 4500 | ||
|---|---|---|---|
| 001 | bg | ||
| 100 | 1 | _aSZCZEGIELNIAK, Jan | |
| 245 | 1 | 0 |
_aWpływ 8-tygodniowej rehabilitacji leczniczej na czynność wentylacyjną płuc u chorych na przewlekłą obturacyjną chorobę płuc / _cJan Szczegielniak. |
| 260 |
_aOpole : _bPO, _c1997. |
||
| 300 |
_a134 s. : _brys., wykr. ; _c24 cm. |
||
| 490 | 1 |
_aStudia i Monografie / Politechnika Opolska, _x1429-6063 ; _vz. 96 |
|
| 504 | _aBibliogr. s. 56-70. - Summ. | ||
| 650 | 9 |
_aRehabilitacja (med.) _xzagadnienia |
|
| 650 | 9 |
_aPłuca _xchoroby |
|
| 710 | 0 | _aPOLITECHNIKA OPOLSKA (Opole) | |
| 830 | 0 |
_aStudia i Monografie (Politechnika Opolska) ; _vz. 96 |
|
| 040 | _cBPK | ||
| 041 | 0 |
_apl _benpl |
|
| 080 | _a615.851.3:616.2](075.8) | ||
| 942 | _cKS | ||
| 008 | s pl f |000 0 pol | ||
| 999 |
_c32818 _d32818 |
||
| 856 |
_uhttp://koha.tu.koszalin.pl/cgi-bin/koha/opac-detail.pl?biblionumber=32818 _yKatalog online BPK |
||